<?xml version="1.0" encoding="UTF-8"?>
<record
    xmlns:xsi="http://www.w3.org/2001/XMLSchema-instance"
    xsi:schemaLocation="http://www.loc.gov/MARC21/slim http://www.loc.gov/standards/marcxml/schema/MARC21slim.xsd"
    xmlns="http://www.loc.gov/MARC21/slim">

  <leader>01307nam0a2200301   4500</leader>
  <controlfield tag="001">RU\NLR\ONL2\17212</controlfield>
  <controlfield tag="005">20250613131544.0</controlfield>
  <datafield tag="010" ind1=" " ind2=" ">
    <subfield code="a">978-5-295-04686-5</subfield>
    <subfield code="9">5000</subfield>
  </datafield>
  <datafield tag="035" ind1=" " ind2=" ">
    <subfield code="a">(NLR Aleph) 009664797</subfield>
  </datafield>
  <datafield tag="090" ind1=" " ind2=" ">
    <subfield code="a">9631402</subfield>
    <subfield code="c">9631402</subfield>
  </datafield>
  <datafield tag="100" ind1=" " ind2=" ">
    <subfield code="a">20100331d2009    |||y0rusy50      ca</subfield>
  </datafield>
  <datafield tag="101" ind1="0" ind2=" ">
    <subfield code="a">bak</subfield>
  </datafield>
  <datafield tag="102" ind1=" " ind2=" ">
    <subfield code="a">RU</subfield>
  </datafield>
  <datafield tag="105" ind1=" " ind2=" ">
    <subfield code="a">y |||||||||</subfield>
  </datafield>
  <datafield tag="200" ind1="1" ind2=" ">
    <subfield code="a">&#x41A;&#x4E9;&#x440;&#x44C;&#x44D;&#x43D; &#x43A;&#x44D;&#x440;&#x438;&#x43C;</subfield>
    <subfield code="e">[&#x421;&#x430;&#x443;&#x434; F&#x44D;&#x440;&#x44D;&#x431;&#x441;&#x442;&#x430;&#x43D;&#x44B;&#x43D;&#x434;&#x430; &#x43D;&#x44D;&#x448;&#x435;&#x440; &#x438;&#x442;&#x435;&#x43B;&#x433;&#x44D;&#x43D; &#x41A;&#x4E9;&#x440;&#x44C;&#x44D;&#x43D;&#x434;&#x435;&#x43D; &#x444;&#x43E;&#x442;&#x43E;&#x43A;&#x443;&#x441;&#x435;&#x440;&#x43C;&#x44D;h&#x435;, &#x433;&#x44D;&#x440;&#x44D;&#x43F; &#x442;&#x435;&#x43A;&#x441;&#x44B;&#x43D;&#x44B;&#x43D; &#x445;&#x44D;&#x437;&#x435;&#x440;&#x433;&#x435; &#x431;&#x430;&#x448;k&#x43E;&#x440;&#x442; &#x44F;&#x437;&#x43C;&#x430;h&#x44B;&#x43D;&#x430; &#x44F;&#x440;&#x430;&#x448;&#x43B;&#x44B; &#x431;&#x438;&#x440;&#x435;&#x43B;&#x433;&#x44D;&#x43D; &#x442;&#x440;&#x430;&#x43D;&#x441;&#x43A;&#x440;&#x438;&#x43F;&#x446;&#x438;&#x44F;h&#x44B;, &#x431;&#x430;&#x448;k&#x43E;&#x440;&#x442;&#x441;&#x430;&#x433;&#x430; &#x442;&#x44D;&#x440;&#x436;&#x435;&#x43C;&#x44D;</subfield>
    <subfield code="f">&#x431;&#x430;&#x448;k&#x43E;&#x440;&#x442;&#x441;&#x430;&#x433;&#x430; &#x442;&#x44D;&#x440;&#x436;.: &#x444;&#x438;&#x43B;&#x43E;&#x43B;. &#x444;&#x44D;&#x43D;. &#x43A;&#x430;&#x43D;&#x434;. &#x42D;.F.&#x411;&#x435;&#x439;&#x435;&#x448;&#x435;&#x432;,</subfield>
    <subfield code="g">&#x442;&#x440;&#x430;&#x43D;&#x441;&#x43A;&#x440;&#x438;&#x43F;&#x446;&#x438;&#x44F;: &#x444;&#x438;&#x43B;&#x43E;&#x43B;. &#x444;&#x44D;&#x43D;. &#x43A;&#x430;&#x43D;&#x434;. &#x41D;.&#x42D;.&#x421;&#x4E9;&#x439;&#x44D;&#x440;&#x433;&#x43E;&#x43B;&#x43E;&#x432;</subfield>
    <subfield code="g">&#x431;&#x430;&#x441;&#x43C;&#x430;&#x43D;&#x44B; &#x442;&#x4E9;&#x437;. F.&#x410;.&#x425;&#x438;&#x441;&#x430;&#x43C;&#x43E;&#x432;]</subfield>
  </datafield>
  <datafield tag="210" ind1=" " ind2=" ">
    <subfield code="a">&#x4E8;&#x444;&#x4E9;</subfield>
    <subfield code="c">&#x41A;&#x438;&#x442;&#x430;&#x43F;</subfield>
    <subfield code="d">2009</subfield>
  </datafield>
  <datafield tag="215" ind1=" " ind2=" ">
    <subfield code="a">958 &#x431;.</subfield>
    <subfield code="d">25</subfield>
  </datafield>
  <datafield tag="541" ind1="1" ind2=" ">
    <subfield code="a">&#x41A;&#x43E;&#x440;&#x430;&#x43D; &#x43A;&#x430;&#x440;&#x438;&#x43C;.</subfield>
    <subfield code="z">rus</subfield>
  </datafield>
  <datafield tag="605" ind1=" " ind2=" ">
    <subfield code="a">&#x41A;&#x43E;&#x440;&#x430;&#x43D;</subfield>
    <subfield code="9">1276425</subfield>
    <subfield code="3">RU\NLR\auth\66526004</subfield>
  </datafield>
  <datafield tag="686" ind1="1" ind2=" ">
    <subfield code="a">&#x42D;38-210.1</subfield>
  </datafield>
  <datafield tag="702" ind1=" " ind2="1">
    <subfield code="a">&#x425;&#x438;&#x441;&#x430;&#x43C;&#x43E;&#x432;</subfield>
    <subfield code="b">F. &#x410;.</subfield>
    <subfield code="4">220</subfield>
  </datafield>
  <datafield tag="801" ind1=" " ind2="0">
    <subfield code="a">RU</subfield>
    <subfield code="b">NLR</subfield>
    <subfield code="c">20100331</subfield>
    <subfield code="g">PSBO</subfield>
  </datafield>
  <datafield tag="852" ind1=" " ind2=" ">
    <subfield code="a">NLR</subfield>
    <subfield code="b">&#x41E;&#x41D;&#x41B;</subfield>
    <subfield code="j">&#x411;&#x430;&#x448;&#x43A;./4-497</subfield>
  </datafield>
  <datafield tag="942" ind1=" " ind2=" ">
    <subfield code="c">BOOK</subfield>
  </datafield>
  <datafield tag="980" ind1=" " ind2=" ">
    <subfield code="a">NB</subfield>
  </datafield>
  <datafield tag="980" ind1=" " ind2=" ">
    <subfield code="a">ONL_RF</subfield>
  </datafield>
  <datafield tag="995" ind1=" " ind2=" ">
    <subfield code="5">2013-10-26</subfield>
    <subfield code="b">NLR01</subfield>
    <subfield code="c">NLR01</subfield>
    <subfield code="e">ONL</subfield>
    <subfield code="f">9664797-10</subfield>
    <subfield code="k">&#x411;&#x430;&#x448;&#x43A;./4-497</subfield>
    <subfield code="o">0</subfield>
    <subfield code="r">BOOK</subfield>
    <subfield code="s">4497_</subfield>
  </datafield>
</record>
